000 00917cam a2200277ua 4500
001 000012817
005 20200929163100.0
008 850515s1965 ve 000 e spa
010 _a67044993
040 _aDO-SdBNP
_cCarP
_dDLC
041 _aBNGR
043 _as-ve---
050 0 0 _aKHW562
_b.K86 1965
082 _axxx
_bK96e
100 1 _aKummerow, Gert.
_929631
245 1 0 _aEnsayo sobre la adquisicion a non domino de bienes muebles /
_cGert Kummerow.
260 _aCaracas :
_bUniversidad Central,
_c1965.
300 _a113 p. ;
_c24 cm.
500 _aIncluye notas al pie de páginas
500 _aIncluye bibliografía
650 0 _aPossession (law)
_zVenezuela.
_929632
650 0 _aAcquisition of property
_zVenezuela.
_929633
810 1 _aVenezuela.
_bUniversidad Central, Caracas.
_bFacultad de Derecho.
_tPublicaciones,
_v33.
_929634
910 _aCatalogación por copia / LC
049 _aBNGR
999 _c12467
_d12467